Prevođenje na "male" jezike u procesu globalizacije

Gespeichert in:
Bibliographische Detailangaben
1. Verfasser: Pauleová, Milada
Format: Buchkapitel
Sprache:Kroatisch
Tags: Tag hinzufügen
Keine Tags, Fügen Sie das erste Tag hinzu!

MARC

LEADER 00000naa$a2200000$$$4500
001 0064380
005 20240502083155.0
041 0 |a hrv 
044 |a HR 
245 1 0 |a Prevođenje na "male" jezike u procesu globalizacije  |c Milada Pauleová 
100 1 |a Pauleová, Milada